LEADER 03046nam 2200577 450 001 9910463200103321 005 20200903223051.0 010 $a1-299-82977-5 010 $a90-04-25563-X 024 7 $a10.1163/9789004255630 035 $a(CKB)2670000000413926 035 $a(EBL)1367812 035 $a(OCoLC)857713173 035 $a(SSID)ssj0000983606 035 $a(PQKBManifestationID)11505681 035 $a(PQKBTitleCode)TC0000983606 035 $a(PQKBWorkID)10989039 035 $a(PQKB)10244948 035 $a(MiAaPQ)EBC1367812 035 $a(nllekb)BRILL9789004255630 035 $a(PPN)178907162 035 $a(Au-PeEL)EBL1367812 035 $a(CaPaEBR)ebr10757060 035 $a(CaONFJC)MIL514228 035 $a(EXLCZ)992670000000413926 100 $a20130709d2013 uy| 0 101 0 $aeng 135 $aurun| uuuua 181 $ctxt 182 $cc 183 $acr 200 04$aThe reception of Erasmus in the early modern period /$fedited by Karl A.E. Enenkel 210 1$aBoston :$cBrill,$d2013. 215 $a1 online resource (291 p.) 225 1 $aIntersections : interdisciplinary studies in early modern culture,$x1568-1181 ;$vvolume 30 300 $aDescription based upon print version of record. 311 $a90-04-25562-1 320 $aIncludes bibliographical references and index. 327 $apart I. Humanism -- part II. Religious ideas -- part III. Political ideas : Irenism and Mirror of a Christian prince -- part IV. Rabelaisian satire, triumph, dialogue and other adaptations : receptions of The praise of folly in French, Italian and Dutch literature. 330 $aErasmus was not only one of the most widely read authors of the early modern period, but one of the most controversial. For some readers he represented the perfect humanist scholar; for others, he was an arrogant hypercritic, a Lutheran heretic and polemicist, a virtuoso writer and rhetorician, an inventor of a new, authentic Latin style, et cetera In the present volume, a number of aspects of Erasmus?s manifold reception are discussed, especially lesser-known ones, such as his reception in Neo-Latin poetry. The volume does not focus only on so-called Erasmians, but offers a broader spectrum of reception and demonstrates that Erasmus?s name also was used in order to authorize completely un-Erasmian ideals, such as atheism, radical reformation, Lutheranism, religious intolerance, Jesuit education, Marian devotion, et cetera Contributors include: Philip Ford, Dirk Sacré, Paul J. Smith, Lucia Felici, Gregory D. Dodds, Hilmar M. Pabel, Reinier Leushuis, Jeanine De Landtsheer, Johannes Trapman, and Karl Enenkel. 410 0$aIntersections (Boston, Mass.) ;$vv. 30. 608 $aElectronic books. 676 $a199/.492 701 $aEnenkel$b K. A. E$0858384 801 0$bMiAaPQ 801 1$bMiAaPQ 801 2$bMiAaPQ 906 $aBOOK 912 $a9910463200103321 996 $aThe reception of Erasmus in the early modern period$91999675 997 $aUNINA LEADER 03518nam 22006972 450 001 9910458167503321 005 20151005020622.0 010 $a1-107-20948-X 010 $a1-282-65282-6 010 $a9786612652820 010 $a0-511-81140-3 010 $a0-511-68782-6 010 $a0-511-69007-X 010 $a0-511-69267-6 010 $a0-511-69155-6 010 $a0-511-69081-9 010 $a0-511-68933-0 035 $a(CKB)2560000000009901 035 $a(EBL)501364 035 $a(OCoLC)645092759 035 $a(SSID)ssj0000423336 035 $a(PQKBManifestationID)11267348 035 $a(PQKBTitleCode)TC0000423336 035 $a(PQKBWorkID)10439278 035 $a(PQKB)11444596 035 $a(UkCbUP)CR9780511811401 035 $a(MiAaPQ)EBC501364 035 $a(Au-PeEL)EBL501364 035 $a(CaPaEBR)ebr10397332 035 $a(CaONFJC)MIL265282 035 $a(EXLCZ)992560000000009901 100 $a20101021d2010|||| uy| 0 101 0 $aeng 135 $aur||||||||||| 181 $ctxt$2rdacontent 182 $cc$2rdamedia 183 $acr$2rdacarrier 200 10$aModem theory $ean introduction to telecommunications /$fRichard E. Blahut$b[electronic resource] 210 1$aCambridge :$cCambridge University Press,$d2010. 215 $a1 online resource (xiv, 497 pages) $cdigital, PDF file(s) 300 $aTitle from publisher's bibliographic system (viewed on 05 Oct 2015). 311 $a0-521-78014-4 320 $aIncludes bibliographical references (p. [479]-487) and index. 327 $aBaseband Modulation -- Baseband Demodulation -- Sequences at Baseband -- Passband Modulation -- Passband Demodulation -- Principles of Optimal Demodulation -- Synchronization -- Codes for Digital Modulation -- Codes for Data Transmission -- Performance of Practical Demodulators -- Secure Communications. 330 $aAt the heart of any modern communication system is the modem, connecting the data source to the communication channel. This first course in the mathematical theory of modem design introduces the theory of digital modulation and coding that underpins the design of digital telecommunications systems. A detailed treatment of core subjects is provided, including baseband and passband modulation and demodulation, equalization, and sequence estimation. The modulation waveforms for communication channels and digital recording channels are treated in a common setting and with unified terminology. A variety of more advanced topics is also covered, such as trellis codes, turbo codes, the Viterbi algorithm, block codes, maximum likelihood and maximum posterior probability, iterative demodulation, and jamming. Numerous end-of-chapter exercises are also included to test the reader's understanding throughout. This insightful book is ideal for senior undergraduate students studying digital communications and is also a useful reference for practising engineers. 606 $aCoding theory 606 $aSignal processing$xDigital techniques$xMathematics 606 $aModulation (Electronics)$xMathematics 606 $aModems 615 0$aCoding theory. 615 0$aSignal processing$xDigital techniques$xMathematics. 615 0$aModulation (Electronics)$xMathematics. 615 0$aModems. 676 $a621.39/814 700 $aBlahut$b Richard E.$06380 801 0$bUkCbUP 801 1$bUkCbUP 906 $aBOOK 912 $a9910458167503321 996 $aModem theory$92477652 997 $aUNINA